00364nam a2200169Ia 4500003000900000008004100009040001300050040001300063041000800076100001800084245004700102260000900149260000900158300001100167300001000178490000600188IT-RoPAU120407s9999 xx 000 0 und d aIT-RoPAU cIT-RoPAU aita aGustave Thils a"Trascendenza o incarnazione? teologia " aAres c1957 a129 p. c19 cm v1